000 01373nam a2200349Ia 4500
001 ebr10367582
003 CaPaEBR
006 m u
007 cr cn|||||||||
008 090615s2010 maua sb 001 0 eng d
010 _z 2009024581
020 _z9780262013765 (hardcover : alk. paper)
020 _z9780262513715 (pbk. : alk. paper)
040 _aCaPaEBR
_cCaPaEBR
035 _a(OCoLC)607553573
050 1 4 _aP224
_b.R53 2010eb
082 0 4 _a414/.6
_222
100 1 _aRichards, Norvin.
245 1 0 _aUttering trees
_h[electronic resource] /
_cNorvin Richards.
260 _aCambridge, MA :
_bMIT Press,
_cc2010.
300 _ax, 233 p. :
_bill.
490 1 _aLinguistic inquiry monograph ;
_v56
504 _aIncludes bibliographical references and index.
533 _aElectronic reproduction.
_bPalo Alto, Calif. :
_cebrary,
_d2011.
_nAvailable via World Wide Web.
_nAccess may be limited to ebrary affiliated libraries.
650 0 _aProsodic analysis (Linguistics)
650 0 _aGrammar, Comparative and general
_xPhonology.
650 0 _aGrammar, Comparative and general
_xSyntax.
655 7 _aElectronic books.
_2local
710 2 _aebrary, Inc.
830 0 _aLinguistic inquiry monographs ;
_v56.
856 4 0 _uhttp://site.ebrary.com/lib/rucke/Doc?id=10367582
_zAn electronic book accessible through the World Wide Web; click to view
999 _c108551
_d108551